000 00523nam a2200181Ia 4500
005 20250508153051.0
008 008 250505s9999 xx 000 0 eng d
037 _aTextual
040 _aFEDL
_beng
_cFEDL
041 _aeng
_2eng
084 _a370.6, FOR
_qFEDL
245 0 _aFord foundation : And foundation supported activities in India
260 _aNew Delhi, India
_bThe Ford Foundation
_c1955
300 _a106p.
650 _aEducation
942 _cTEXL
_h370.6, FOR
999 _c1340488
_d1340488